[Event "Imperia Corallo op-C 1st"]
[Site "Imperia"]
[Date "2006.11.26"]
[Round "5.4"]
[White "Ciaccio, Christian"]
[Black "Semeria, Silvio"]
[Result "0-1"]
[WhiteElo "1317"]
[BlackElo "1392"]
[PlyCount "72"]
[EventDate "2006.11.24"]
[EventType "swiss"]
[EventRounds "5"]
[EventCountry "ITA"]
[SourceTitle "EXT 2024"]
[Source "ChessBase"]
[SourceDate "2023.10.10"]
[SourceVersion "1"]
[SourceVersionDate "2023.10.10"]
[SourceQuality "1"]

1. e4 e5 2. Bc4 Nf6 3. Nc3 Nc6 4. d3 Bc5 5. Nd5 Nxd5 6. exd5 Nd4 7. c3 Nf5 8. d4 exd4 9. Bd3 d6 10. cxd4 Nxd4 11. Bd2 Bd7 12. Qc1 0-0 13. Bg5 f6 14. Bf4 Bb4+ 15. Bd2 Bxd2+ 16. Qxd2 Qe7+ 17. Kd1 b5 18. Nh3 b4 19. Re1 Qd8 20. Qxb4 c5 21. Qd2 Ba4+ 22. b3 Bxb3+ 23. axb3 Nxb3 24. Qa2 Nxa1 25. Qxa1 Qd7 26. Qb1 a5 27. Bxh7+ Kh8 28. Qg6 Rfe8 29. Rxe8+ Rxe8 30. Nf4 Qe7 31. Nh5 Qe1+ 32. Kc2 Re7 33. Qd3 a4 34. Bf5 Re2+ 35. Qd2 Qxd2+ 36. Kb1 Qd1# 0-1